000
00219nam a22000857a 4500
008
170614b xxu||||| |||| 00| 0 eng d
100
_9
3389
_a
Wanchoo
245
_a
Social Science for us - X
260
_a
New Delhi
_b
G. B. P
_c
2009
999
_c
6747
_d
6747